Modifying Supplier Selection Criterion in Light of Rapid Adoption of E- Procurement : A Case of Telecommunication Industry of Pakistan / (Record no. 526881)

000 -LEADER
fixed length control field 00562nam a22001697a 4500
003 - CONTROL NUMBER IDENTIFIER
control field NUST
020 ## - INTERNATIONAL STANDARD BOOK NUMBER
Qualifying information Hardcover.
038 ## - RECORD CONTENT LICENSOR
Staff Name Mr. Zahoor
082 ## - DEWEY DECIMAL CLASSIFICATION NUMBER
Classification number 658
100 ## - MAIN ENTRY--PERSONAL NAME
Personal name Bhatti, Waqaace Jalal
9 (RLIN) 17885
245 ## - TITLE STATEMENT
Title Modifying Supplier Selection Criterion in Light of Rapid Adoption of E- Procurement : A Case of Telecommunication Industry of Pakistan /
Statement of responsibility, etc. Waqaace Jalal Bhatti
260 ## - PUBLICATION, DISTRIBUTION, ETC.
Place of publication, distribution, etc. Islamabad :
Name of publisher, distributor, etc. NBS - NUST,
Date of publication, distribution, etc. 2014.
300 ## - PHYSICAL DESCRIPTION
Extent 36 p. : ill. ;
Dimensions 30cm.
650 ## - SUBJECT ADDED ENTRY--TOPICAL TERM
Topical term or geographic name entry element HRM - MBA Thesis
9 (RLIN) 17537
700 ## - ADDED ENTRY--PERSONAL NAME
Personal name Mr. Kamran Khalid
9 (RLIN) 17555
942 ## - ADDED ENTRY ELEMENTS (KOHA)
Source of classification or shelving scheme
Koha item type Thesis
Holdings
Withdrawn status Lost status Source of classification or shelving scheme Damaged status Not for loan Permanent Location Current Location Shelving location Date acquired Full call number Barcode Date last seen Price effective from Koha item type
          Central Library (CL) Central Library (CL) Thesis 07/17/2019 658 CL-T-2311 07/19/2019 07/17/2019 Thesis
© 2023 Central Library, National University of Sciences and Technology. All Rights Reserved.